Children's folklore : a source book

Αποθηκεύτηκε σε:
Λεπτομέρειες βιβλιογραφικής εγγραφής
Άλλοι συγγραφείς: Sutton-Smith, Brian (Επιμελητής έκδοσης)
Μορφή: Βιβλίο
Γλώσσα:English
Δημοσίευση: Logan : Utah State University Press, 1999
Θέματα:
Ετικέτες: Προσθήκη ετικέτας
Δεν υπάρχουν, Καταχωρήστε ετικέτα πρώτοι!

MARC

LEADER 00000nam a2200000 i 4500
001 1/55154
008 070918s1999 eng d
020 |a 0-87421-280-4 
035 |l 10090785 
040 |a GR-MY-UA  |b gre  |e aacr 
041 0 |a eng 
082 0 |a 398.083  |2 (22) 
245 1 0 |a Children's folklore :  |b a source book /  |c edited by Brian Sutton-Smith ... [και ά.] 
260 |a Logan :   |b Utah State University Press,   |c 1999 
300 |a 378 σ.;  |c 24 εκ. 
504 |a Περιλαμβάνει βιβλιογραφίες και ευρετήριο 
650 0 0 |a Children  |x Folklore. 
650 0 0 |a Folklore and children. 
650 0 0 |a Folklore  |x Methodology. 
700 1 |a Sutton-Smith, Brian.  |4 edt 
852 |a INST  |b RHODES  |e 20070918  |h 398.083 CHI  |p 005400025799  |q 005400025799  |t BK  |y 0 
901 |a BIBL4-2007-3 
909 |a Ρ  |b 138911 
922 |a 4ΕΛΗ  |b 200708  |c ΕΠΕΑΕΚ2/ΠΤΔΕ  |d ΕΛΕΥΘΕΡΟΥΔΑΚΗΣ 
970 |a ΜΙΣΣΟΣ  |b ΣΤΑΥΡΟΣ  |z 2007/09/18